| 000 | 00419nam a22001457a 4500 | ||
|---|---|---|---|
| 005 | 20250320092014.0 | ||
| 008 | 240821b ||||| |||| 00| 0 eng d | ||
| 020 | _a9780451191151 | ||
| 082 | _aDFic R152 1993 | ||
| 100 |
_aRand, Ayn. _958605 |
||
| 245 |
_aThe fountainhead / _cAyn Rand. |
||
| 260 |
_aNew York : _bNew American Library, _c©1993. |
||
| 300 |
_ax, 704 pages : _billustrations ; _c17 cm. |
||
| 942 |
_2ddc _cDFIC |
||
| 999 |
_c20749 _d20749 |
||